Culture Générale - Série 1828 - Statistiques

Statistiques générales
  • Ce quiz a été pris 83 fois
  • Le résultat moyen est 3 sur 10
Statistiques - réponses
Question Réponse % Correct
Jadis, quel mot était employé pour désigner un "loup" ? leu
54%
Sur quelle grande île se trouve le plateau d'Imerina ? Madagascar
42%
Quel insecte est l'uranie ? papillon
40%
Quel fleuve arrose la ville portugaise de Porto ? Douro
37%
Dans quel département français se trouve la commune de Semur-en-Auxois ? Côte-d'Or
35%
Dans le jeu de cartes "La manille", comment appelle-t-on l'as ? manillon
19%
De quel peintre célèbre Suzanne Valadon (1865-1938) était-elle la mère, et dont elle fit le portrait - voir image ? Maurice Utrillo
18%
Quelle rivière arrose la ville de Bayonne ? Nive
17%
Danseuse orientale dansant et chantant lors des festivités - anagramme : lamée almée
15%
En médecine, comment appelle-t-on également un "drain" ? séton
8%
Aucun quiz correspondant
Distribution des résultats
% des personnes avec chaque résultat
Percentile par nombre de réponses
Votre historique - résultats
Vous n’avez pas pris ce quiz